000 00760cab a2200217 4500
001 ABS57531
008 090401t1997 xxu||||| |||| 00| 0 eng d
035 _a(Sirsi) u80524
041 _aeng
100 _aWatt, G
245 _aEscaping section 8(1) provisions in `new style` trusts of land
260 _c1997
350 _a0
490 _aThe Conveyancer
_vJuly/August 1997, 263-272(10)
520 _aThe Trusts of Land and Appointment of Trustees Act 1996 s8(1) restricts the power of disposition of trustees of land. The article discusses how restrictions can be circumvented.
650 _aTRUSTEES
650 _aTRUSTS OF LAND AND APPOINTMENT OF TRUSTEES ACT 1996
690 _aPROPERTY LAW AND PRACTICE
942 _n0
948 _c27/08/1997
999 _c50703
_d50703